000
00316nam a2200145Ia 4500
008
250402s9999 xx 000 0 und d
020
_a
9781138998834
082
_a
150
_b
CAR-P
100
_a
CARR ALAN
245
0
_a
POSITIVE PSYCHOLOGY
250
_a
2
260
_b
ROUTLEDGE
_c
2011
300
_a
411
942
_c
RR
999
_c
47958
_d
47958